000
00204 a2200097 4500
001
45857
100
_a
Wright B
245
_a
Book of soccer
260
_a
London
_b
Stanley Paul
_c
090
_c
28955
_d
28955
942
_a
NUST-CAE
_c
M
_c
21063
999
_c
280930
_d
280930